[Event "Pere Noel"]
[Site "Montreal CAN"]
[Date "2010.12.27"]
[Round "2"]
[White "Brassard, Sylvain"]
[Black "Auger, Bertrand"]
[Result "1-0"]
[WhiteElo "1787"]
[BlackElo "1928"]
[PlyCount "61"]
[EventDate "2010.12.26"]
[EventType "swiss"]
[EventRounds "5"]
[EventCountry "CAN"]

1. b3 e5 2. Bb2 d6 3. e3 Nf6 4. c4 Nc6 5. Nf3 Be7 6. Be2 O-O 7. d3 h6 8. O-O
Nh7 9. Nc3 Re8 10. Rc1 f5 11. c5 dxc5 12. Na4 Bf6 13. Nxc5 b6 14. Na4 Bb7 15.
Qc2 Kh8 16. Rfd1 Ng5 17. Nxg5 Bxg5 18. d4 Nb4 19. Qxf5 Nxa2 20. dxe5 Nxc1 21.
Bxc1 Qe7 22. f4 Rf8 23. Qg6 Bh4 24. Bd3 Kg8 25. Qh7+ Kf7 26. Bg6+ Ke6 27. f5+
Kxe5 28. Bb2+ Ke4 29. f6+ Kxe3 30. fxe7 Ke2 31. Nc3+ 1-0

[Event "Pere Noel"]
[Site "Montreal CAN"]
[Date "2010.12.27"]
[Round "2"]
[White "Castellanos, Renier"]
[Black "Robichaud, Louis"]
[Result "1-0"]
[WhiteElo "2482"]
[BlackElo "2082"]
[PlyCount "67"]
[EventDate "2010.12.26"]
[EventType "swiss"]
[EventRounds "5"]
[EventCountry "CAN"]

1. e4 e5 2. Nf3 Nc6 3. Bb5 a6 4. Ba4 Nf6 5. d3 Bc5 6. c3 b5 7. Bb3 O-O 8. Bg5
d6 9. Nbd2 h6 10. Bh4 Bd7 11. Nf1 Qe7 12. Ne3 Bxe3 13. fxe3 Na5 14. Bc2 c5 15.
O-O Kh8 16. Qe2 Rg8 17. Be1 Nc6 18. Nh4 d5 19. exd5 Nxd5 20. Qf3 Be6 21. e4 Nf4
22. Nf5 Bxf5 23. exf5 Qd6 24. Bg3 Nd5 25. Bb3 Rad8 26. Rad1 Rge8 27. f6 g6 28.
Qe4 Re6 29. Rf3 Kh7 30. Rdf1 Kg8 31. Be1 g5 32. Rf5 Rxf6 33. Rxf6 Nxf6 34. Qg6+
1-0

[Event "Pere Noel"]
[Site "Montreal CAN"]
[Date "2010.12.27"]
[Round "2"]
[White "Dumont, Felix"]
[Black "Arsenault, Nicolas"]
[Result "1-0"]
[WhiteElo "1998"]
[BlackElo "2245"]
[PlyCount "55"]
[EventDate "2010.12.26"]
[EventType "swiss"]
[EventRounds "5"]
[EventCountry "CAN"]

1. e4 e6 2. d4 d5 3. Nc3 Bb4 4. e5 b6 5. a3 Bf8 6. Nf3 Ne7 7. Bg5 Qd7 8. Bd3 a5
9. Ne2 Ba6 10. c3 Bxd3 11. Qxd3 h6 12. Bxe7 Bxe7 13. O-O O-O 14. Nd2 c5 15. f4
f5 16. exf6 Bxf6 17. f5 e5 18. dxe5 Bxe5 19. Nf4 Bxf4 20. Rxf4 Qd6 21. Rg4 Nd7
22. Nc4 Qc6 23. Qg3 dxc4 24. Rxg7+ Kh8 25. Rd1 Rad8 26. Rg6 Rf6 27. Qh4 Rxg6
28. fxg6 1-0

[Event "Pere Noel"]
[Site "Montreal CAN"]
[Date "2010.12.27"]
[Round "2"]
[White "Dumouchel, Alain"]
[Black "Khassanov, Marat"]
[Result "0-1"]
[WhiteElo "2007"]
[BlackElo "2282"]
[PlyCount "60"]
[EventDate "2010.12.26"]
[EventType "swiss"]
[EventRounds "5"]
[EventCountry "CAN"]

1. e4 e5 2. a3 Nf6 3. Nc3 d5 4. exd5 Nxd5 5. Bc4 Be6 6. Qf3 c6 7. Nge2 Nc7 8.
d3 Nd7 9. O-O Be7 10. Qg3 Bxc4 11. dxc4 O-O 12. Bh6 Ne6 13. Rad1 Bh4 14. Qh3
gxh6 15. Rxd7 Qxd7 16. Qxh4 Qd2 17. f4 Qe3+ 18. Kh1 exf4 19. Qxh6 Qe5 20. g3
fxg3 21. Nxg3 f5 22. Nh5 Kh8 23. Ng3 Rae8 24. Qh5 Ng7 25. Qf3 Qe3 26. Qg2 f4
27. Nge4 f3 28. Qg4 Rf4 29. Qd7 Rfxe4 30. Nxe4 Qxe4 0-1

[Event "Pere Noel"]
[Site "Montreal CAN"]
[Date "2010.12.27"]
[Round "2"]
[White "Girouard, Michel"]
[Black "Leutschaft, Martin"]
[Result "0-1"]
[WhiteElo "1852"]
[BlackElo "2127"]
[PlyCount "92"]
[EventDate "2010.12.26"]
[EventType "swiss"]
[EventRounds "5"]
[EventCountry "CAN"]

1. Nf3 d5 2. c4 e6 3. g3 Nf6 4. Bg2 Be7 5. O-O O-O 6. b3 c5 7. d3 Nc6 8. e3 b6
9. Bb2 Qc7 10. Nc3 Bb7 11. cxd5 exd5 12. d4 Rad8 13. Rc1 Qb8 14. Re1 Rfe8 15.
dxc5 bxc5 16. Na4 Ne4 17. Nd2 Ne5 18. Qc2 Nxd2 19. Qxd2 d4 20. e4 Ba6 21. Red1
Nd3 22. Ra1 Bb5 23. Ba3 Bxa4 24. Qxd3 Bb5 25. Qd2 Qb6 26. Bf1 Bxf1 27. Rxf1 Qa6
28. Bb2 Qb5 29. Rac1 a5 30. Rc4 Ra8 31. Ra4 Bd6 32. Re1 Re6 33. Ba3 Qb7 34. Qc2
Rae8 35. f3 Qc7 36. Rc4 Bxg3 37. Re2 Rg6 38. Rg2 Bxh2+ 39. Kf1 Rxg2 40. Qxg2
Bd6 41. f4 Bxf4 42. Bxc5 Be3 43. Ke2 Qe5 44. Kd3 f5 45. exf5 Qxf5+ 46. Ke2 d3+
0-1

[Event "Pere Noel"]
[Site "Montreal CAN"]
[Date "2010.12.27"]
[Round "2"]
[White "Gueorguiev, Valentin"]
[Black "Rousseau, Daniel"]
[Result "1-0"]
[WhiteElo "1856"]
[BlackElo "2163"]
[PlyCount "59"]
[EventDate "2010.12.26"]
[EventType "swiss"]
[EventRounds "5"]
[EventCountry "CAN"]

1. Nf3 c5 2. b3 Nf6 3. g3 Nc6 4. Bb2 e6 5. Bg2 Be7 6. O-O d5 7. d4 cxd4 8. Nxd4
Qb6 9. Nxc6 bxc6 10. Nd2 Ba6 11. Rc1 Rd8 12. Nf3 O-O 13. Ne5 Ne4 14. c4 f5 15.
cxd5 Rxd5 16. Nd3 Rfd8 17. Qc2 c5 18. Rcd1 Qd6 19. Rde1 Rc8 20. Ba3 Qd7 21. Bb2
c4 22. Ne5 cxb3 23. Qxb3 Qd6 24. Bxe4 fxe4 25. Qa4 Rd2 26. Ba1 Bxe2 27. Rc1 Rf8
28. Nc4 Bxc4 29. Qxc4 Qb6 30. Qc3 1-0

[Event "Pere Noel"]
[Site "Montreal CAN"]
[Date "2010.12.27"]
[Round "2"]
[White "Larochelle, Martial"]
[Black "Pretell Diaz, Carol"]
[Result "1-0"]
[WhiteElo "2206"]
[BlackElo "1808"]
[PlyCount "57"]
[EventDate "2010.12.26"]
[EventType "swiss"]
[EventRounds "5"]
[EventCountry "CAN"]

1. c4 e5 2. g3 Nc6 3. Bg2 g6 4. Nc3 Bg7 5. e4 d6 6. Nge2 f5 7. d3 Nf6 8. O-O
O-O 9. Nd5 h6 10. Nxf6+ Qxf6 11. Be3 g5 12. exf5 Bxf5 13. Nc3 Qg6 14. Ne4 Rf7
15. Qd2 Raf8 16. b4 a6 17. a4 Kh8 18. b5 axb5 19. axb5 Nd4 20. Bxd4 exd4 21. b6
c6 22. Ra5 g4 23. Qa2 Be5 24. Ra8 Bc8 25. Qe2 h5 26. f4 gxf3 27. Rxf3 Kg7 28.
Rxf7+ Qxf7 29. Qd2 1-0

[Event "Pere Noel"]
[Site "Montreal CAN"]
[Date "2010.12.27"]
[Round "2"]
[White "Lemieux, Serge"]
[Black "Masse, Hugues"]
[Result "0-1"]
[WhiteElo "1446"]
[BlackElo "2181"]
[PlyCount "64"]
[EventDate "2010.12.26"]
[EventType "swiss"]
[EventRounds "5"]
[EventCountry "CAN"]

1. d4 Nf6 2. c4 g6 3. Nc3 d5 4. cxd5 Nxd5 5. e4 Nxc3 6. bxc3 Bg7 7. Bc4 c5 8.
Ne2 Nc6 9. O-O cxd4 10. cxd4 Nxd4 11. Nxd4 Qxd4 12. Bb5+ Kf8 13. Be3 Qxd1 14.
Raxd1 Be6 15. Bxa7 f6 16. Be3 Rxa2 17. Rb1 Kf7 18. Rfc1 Rha8 19. f4 f5 20. e5
g5 21. Bc4 Bxc4 22. Rxc4 Re2 23. Bf2 Raa2 24. Rf1 gxf4 25. Rxf4 e6 26. Rb4 Reb2
27. Rxb2 Rxb2 28. Bd4 Rd2 29. Bc3 Rd5 30. Re1 Bf8 31. Rc1 Rc5 32. Kf2 Bh6 0-1

[Event "Pere Noel"]
[Site "Montreal CAN"]
[Date "2010.12.27"]
[Round "2"]
[White "Pilotte, Benoit"]
[Black "Schommer, Philippe"]
[Result "0-1"]
[WhiteElo "1744"]
[BlackElo "1909"]
[PlyCount "60"]
[EventDate "2010.12.26"]
[EventType "swiss"]
[EventRounds "5"]
[EventCountry "CAN"]

1. g4 h6 2. Bg2 d6 3. d4 Nf6 4. h3 Nbd7 5. Nf3 e5 6. e4 c6 7. Nc3 b5 8. a3 Bb7
9. O-O Be7 10. b4 Qc7 11. Qe2 a6 12. Bb2 Nb6 13. Rad1 Nc4 14. Bc1 Nd7 15. Nd2
Ndb6 16. Nb3 O-O 17. f4 g6 18. g5 hxg5 19. f5 Bf6 20. Rd3 exd4 21. fxg6 fxg6
22. Rxf6 Rxf6 23. Bxg5 Rf7 24. Nxd4 Ne5 25. Rg3 Rh7 26. h4 Qf7 27. Nf5 gxf5 28.
Bd8+ Kf8 29. Bxb6 f4 30. Rg5 f3 0-1

[Event "Pere Noel"]
[Site "Montreal CAN"]
[Date "2010.12.27"]
[Round "2"]
[White "Prahov, Valentin"]
[Black "Malveau, Cedric"]
[Result "0-1"]
[WhiteElo "2191"]
[BlackElo "1970"]
[PlyCount "82"]
[EventDate "2010.12.26"]
[EventType "swiss"]
[EventRounds "5"]
[EventCountry "CAN"]

1. e4 c5 2. Nc3 Nc6 3. f4 g6 4. Nf3 Bg7 5. g3 e6 6. Bg2 Nge7 7. O-O O-O 8. d3
d6 9. Ne2 f5 10. c3 Rb8 11. a4 b5 12. axb5 Rxb5 13. Qc2 Qb6 14. Kh1 Bd7 15. Re1
Kh8 16. Neg1 Na5 17. Ra2 fxe4 18. Rxe4 Nac6 19. Ng5 e5 20. fxe5 Nxe5 21. Bf4
Bf5 22. Bxe5 Bxe5 23. Rh4 h5 24. N1f3 Bf6 25. h3 Nd5 26. Qd2 Ra5 27. Rxa5 Qxa5
28. g4 Bd7 29. gxh5 gxh5 30. Ne6 Rf7 31. Qh6+ Kg8 32. Qg6+ Bg7 33. Nfg5 Bxe6
34. Qxe6 Qa1+ 35. Kh2 Be5+ 36. Qxe5 dxe5 37. Nxf7 Ne3 38. Nh6+ Kg7 39. Rxh5
Nxg2 40. Kxg2 Kg6 41. Rh4 Kg5 0-1

[Event "Pere Noel"]
[Site "Montreal CAN"]
[Date "2010.12.27"]
[Round "2"]
[White "Pregent, Daniel"]
[Black "Bergeron, Rene"]
[Result "1-0"]
[WhiteElo "1845"]
[BlackElo "1590"]
[PlyCount "65"]
[EventDate "2010.12.26"]
[EventType "swiss"]
[EventRounds "5"]
[EventCountry "CAN"]

1. d4 d5 2. c4 e6 3. Nf3 Nd7 4. e3 Ngf6 5. Nbd2 Be7 6. Bd3 O-O 7. O-O c5 8. Re1
Re8 9. b3 cxd4 10. exd4 Bb4 11. Bb2 Qa5 12. a3 Bxd2 13. Nxd2 a6 14. Qc2 Nf8 15.
Re2 Bd7 16. Rae1 Rec8 17. b4 Qc7 18. c5 Qf4 19. Nf3 Ng6 20. Bc1 Qg4 21. h3 Qh5
22. Re5 Nxe5 23. Rxe5 h6 24. Rxh5 Nxh5 25. Ne5 Be8 26. g4 Nf6 27. f3 Nd7 28. f4
Nb6 29. g5 h5 30. g6 f6 31. Nf7 Nc4 32. Qe2 Bd7 33. Qxh5 1-0

[Event "Pere Noel"]
[Site "Montreal CAN"]
[Date "2010.12.27"]
[Round "2"]
[White "Ramaswamy, Kiran"]
[Black "Xu, Tian Run"]
[Result "1-0"]
[WhiteElo "1899"]
[BlackElo "1635"]
[PlyCount "45"]
[EventDate "2010.12.26"]
[EventType "swiss"]
[EventRounds "5"]
[EventCountry "CAN"]

1. c4 e5 2. g3 Nf6 3. Bg2 Bc5 4. Nc3 O-O 5. e4 Nc6 6. Nge2 Ng4 7. O-O f5 8.
exf5 Nxf2 9. Rxf2 Rxf5 10. d4 Rxf2 11. Kxf2 exd4 12. Ne4 Qf8+ 13. Kg1 d3+ 14.
Nxc5 Qxc5+ 15. Kh1 dxe2 16. Bd5+ Kh8 17. Qxe2 Qe7 18. Qf3 Ne5 19. Bg5 Qd6 20.
Qf5 c6 21. Rf1 Ng6 22. Qf7 cxd5 23. Qe8+ 1-0

[Event "Pere Noel"]
[Site "Montreal CAN"]
[Date "2010.12.27"]
[Round "2"]
[White "Ramaswamy, Kishor"]
[Black "Luo, Zhao Yang"]
[Result "1/2-1/2"]
[WhiteElo "2179"]
[BlackElo "1924"]
[PlyCount "53"]
[EventDate "2010.12.26"]
[EventType "swiss"]
[EventRounds "5"]
[EventCountry "CAN"]

1. d4 Nf6 2. Nf3 g6 3. Bg5 Bg7 4. Nbd2 d6 5. c3 O-O 6. e4 c5 7. dxc5 dxc5 8.
Be2 Nc6 9. O-O h6 10. Be3 b6 11. h3 Qc7 12. Qc2 Rd8 13. Rfd1 Bb7 14. a4 g5 15.
Bf1 g4 16. hxg4 Nxg4 17. Nc4 Ba6 18. Rxd8+ Rxd8 19. Re1 Bxc4 20. Bxc4 Nce5 21.
Nxe5 Qxe5 22. g3 Qh5 23. f4 Qh3 24. Qg2 Qxg2+ 25. Kxg2 Nxe3+ 26. Rxe3 Rd2+ 27.
Re2 1/2-1/2

[Event "Pere Noel"]
[Site "Montreal CAN"]
[Date "2010.12.27"]
[Round "2"]
[White "Vassileva, Svetla"]
[Black "Voskanyan, Vahagn"]
[Result "0-1"]
[WhiteElo "1732"]
[BlackElo "2290"]
[PlyCount "60"]
[EventDate "2010.12.26"]
[EventType "swiss"]
[EventRounds "5"]
[EventCountry "CAN"]

1. e4 c6 2. d4 d5 3. exd5 cxd5 4. Bd3 Nf6 5. Bf4 Bg4 6. Nf3 Qb6 7. Nc3 Nc6 8.
Nb5 Rc8 9. Qe2 e6 10. c3 a6 11. Nc7+ Rxc7 12. Bxc7 Qxc7 13. h3 Bh5 14. O-O Bd6
15. g3 O-O 16. Rac1 e5 17. g4 Bg6 18. Bxg6 hxg6 19. c4 exd4 20. cxd5 Nxd5 21.
Qe4 Nf6 22. Qd3 Qb6 23. Rfe1 Nd5 24. Qe4 Nf4 25. Ng5 d3 26. Rcd1 Nd4 27. h4
Nde6 28. Qe3 Bc5 29. Qf3 Nxg5 30. hxg5 Bxf2+ 0-1

[Event "Pere Noel"]
[Site "Montreal CAN"]
[Date "2010.12.27"]
[Round "2"]
[White "Wu, Qiyou"]
[Black "Gagnon, Serge"]
[Result "1-0"]
[WhiteElo "1825"]
[BlackElo "2034"]
[PlyCount "103"]
[EventDate "2010.12.26"]
[EventType "swiss"]
[EventRounds "5"]
[EventCountry "CAN"]

1. e4 d6 2. d4 Nf6 3. Bd3 e5 4. c3 Nc6 5. Ne2 Bg4 6. f3 Bd7 7. O-O a5 8. Nd2
exd4 9. cxd4 Nb4 10. Bb1 Bb5 11. a3 Nc6 12. d5 Ne5 13. Kh1 c6 14. dxc6 bxc6 15.
Nb3 Qb6 16. Nbd4 Bc4 17. Re1 Nfd7 18. Nf5 Nc5 19. Qd4 Qc7 20. f4 Nb3 21. Qc3
Nxa1 22. fxe5 Bxe2 23. Rxe2 dxe5 24. b3 a4 25. bxa4 Rxa4 26. Qxa1 g6 27. Ng3
Bc5 28. Bb2 Qb6 29. Ba2 O-O 30. Bxe5 Bd4 31. Bxd4 Rxd4 32. Qf1 Qd8 33. h3 Kg7
34. Qf4 c5 35. Qe5+ Qf6 36. Qxc5 h5 37. e5 Qf4 38. e6 h4 39. Re1 hxg3 40. exf7
Re4 41. Rd1 Re5 42. Qc3 Qf6 43. Qxg3 Re2 44. Rd6 Qf5 45. Bc4 Qb1+ 46. Kh2 Re1
47. Rxg6+ Qxg6 48. Qxe1 Qf6 49. Qg3+ Kh6 50. a4 Rc8 51. Bd5 Rc3 52. Qxc3 1-0

[Event "Pere Noel"]
[Site "Montreal CAN"]
[Date "2010.12.27"]
[Round "2"]
[White "Zhu, Hong Rui"]
[Black "Galbadrakh, Enkh-Amar"]
[Result "1/2-1/2"]
[WhiteElo "1924"]
[BlackElo "2197"]
[PlyCount "172"]
[EventDate "2010.12.26"]
[EventType "swiss"]
[EventRounds "5"]
[EventCountry "CAN"]

1. e4 c5 2. Nf3 d6 3. c3 Nf6 4. Be2 e6 5. O-O Be7 6. Re1 O-O 7. Bf1 b6 8. d4
Bb7 9. Bd3 Nbd7 10. Nbd2 Qc7 11. Nf1 Rfe8 12. Ng3 Nf8 13. h4 e5 14. Qe2 Ng6 15.
Ba6 Nf4 16. Bxf4 exf4 17. Bxb7 Qxb7 18. Nf1 Bf8 19. N1d2 cxd4 20. Nxd4 d5 21.
e5 Nd7 22. Qh5 Nc5 23. Qf3 Qa6 24. Qxd5 Rad8 25. Qc4 b5 26. Qf1 Qh6 27. N2f3 a6
28. Rad1 Qg6 29. Qe2 h6 30. Nb3 Nxb3 31. axb3 b4 32. Qc4 Rc8 33. Qd3 Qb6 34. c4
Bc5 35. Qe2 f6 36. Qc2 fxe5 37. Nxe5 Rcd8 38. Rxd8 Qxd8 39. Qf5 Qc7 40. Nd3
Rxe1+ 41. Nxe1 Be7 42. h5 Bf6 43. Qd5+ Kh8 44. Nd3 a5 45. Qa8+ Kh7 46. Qe4+ Kh8
47. Nxf4 Qd8 48. Qe2 Qd4 49. Nd3 a4 50. bxa4 Qxc4 51. Qe8+ Kh7 52. Qb5 Qg4 53.
Nxb4 Bxb2 54. Qc5 Ba3 55. Qc2+ Kh8 56. Nd5 Qxh5 57. Ne3 Bc5 58. Qf5 Qxf5 59.
Nxf5 Kh7 60. Kf1 g5 61. Ke2 h5 62. Ng3 Kg6 63. f3 Bb4 64. Ke3 h4 65. Ne2 Kh5
66. Ke4 g4 67. f4 h3 68. gxh3 gxh3 69. Kf3 Kh4 70. Ng3 h2 71. Nh1 Be1 72. Ke2
Bg3 73. f5 Be5 74. Kf3 Kg5 75. Ke4 Bc3 76. Nf2 Be1 77. Nh1 Kf6 78. Kf4 Bd2+ 79.
Kg4 Be1 80. Kf4 Bd2+ 81. Kg3 Kxf5 82. Kxh2 Ke5 83. Kg2 Kd6 84. Nf2 Kc5 85. Nd3+
Kc4 86. Nb2+ Kb3 1/2-1/2

[Event "Pere Noel"]
[Site "Montreal CAN"]
[Date "2010.12.28"]
[Round "3"]
[White "Arsenault, Nicolas"]
[Black "Zhang, Zhiyuan"]
[Result "0-1"]
[WhiteElo "2245"]
[BlackElo "1951"]
[PlyCount "78"]
[EventDate "2010.12.26"]
[EventType "swiss"]
[EventRounds "5"]
[EventCountry "CAN"]

1. e4 c6 2. d4 d5 3. e5 Bf5 4. Nf3 e6 5. Be2 c5 6. Be3 Qc7 7. Nc3 a6 8. O-O Nd7
9. Nh4 Bg6 10. f4 Be7 11. Nxg6 hxg6 12. Bf3 cxd4 13. Bxd4 Bc5 14. Ne2 Ne7 15.
c3 Nf5 16. Qd3 Rc8 17. Rac1 Qb6 18. b4 Bxd4+ 19. cxd4 O-O 20. a3 Qa7 21. Kh1
Nb6 22. g4 Ne7 23. Ng3 Rc4 24. f5 Qb8 25. f6 Nc6 26. fxg7 Kxg7 27. Rxc4 Nxc4
28. Bd1 Qd8 29. Rf6 N6xe5 30. dxe5 Nxe5 31. Qe3 Qxf6 32. g5 Qe7 33. Qxe5+ f6
34. Qd4 Rc8 35. Be2 Kf7 36. gxf6 Qxf6 37. Qb6 Qe7 38. Qf2+ Kg8 39. Bd3 Qf7 0-1

[Event "Pere Noel"]
[Site "Montreal CAN"]
[Date "2010.12.28"]
[Round "3"]
[White "Bouchard, Jean-Marc"]
[Black "Larochelle, Martial"]
[Result "1/2-1/2"]
[WhiteElo "1872"]
[BlackElo "2206"]
[PlyCount "37"]
[EventDate "2010.12.26"]
[EventType "swiss"]
[EventRounds "5"]
[EventCountry "CAN"]

1. e4 c5 2. Nf3 d6 3. d4 cxd4 4. Nxd4 Nf6 5. Nc3 a6 6. a4 Nc6 7. Nxc6 bxc6 8.
Bg5 e6 9. Qf3 Be7 10. e5 dxe5 11. Bxf6 Bxf6 12. Qxc6+ Bd7 13. Qd6 e4 14. Nd1
Qa5+ 15. c3 Be7 16. Qd4 Bf6 17. Qxe4 O-O 18. Bd3 g6 19. O-O 1/2-1/2

[Event "Pere Noel"]
[Site "Montreal CAN"]
[Date "2010.12.28"]
[Round "3"]
[White "Dudak, Mateusz"]
[Black "Prahov, Valentin"]
[Result "1/2-1/2"]
[WhiteElo "1893"]
[BlackElo "2191"]
[PlyCount "59"]
[EventDate "2010.12.26"]
[EventType "swiss"]
[EventRounds "5"]
[EventCountry "CAN"]

1. e4 c5 2. Nc3 e6 3. Nf3 Nc6 4. Bb5 Nd4 5. O-O a6 6. Bd3 Nxf3+ 7. Qxf3 d6 8.
b3 Nf6 9. Bb2 Be7 10. Rfe1 e5 11. Nd5 Nxd5 12. exd5 O-O 13. Bf5 Bg5 14. Re2
Bxf5 15. Qxf5 g6 16. Qh3 f5 17. d3 Qf6 18. f3 Qf7 19. c4 b5 20. Qg3 Bh6 21. Qe1
bxc4 22. bxc4 Rfb8 23. Bc3 Rb7 24. Rb1 Rab8 25. Reb2 Rxb2 26. Rxb2 Rxb2 27.
Bxb2 Qb7 28. Bc3 Bg5 29. Qd1 Kf7 30. Kf2 1/2-1/2

[Event "Pere Noel"]
[Site "Montreal CAN"]
[Date "2010.12.28"]
[Round "3"]
[White "Forget, Luc"]
[Black "Lemieux, Serge"]
[Result "1-0"]
[WhiteElo "1998"]
[BlackElo "1446"]
[PlyCount "64"]
[EventDate "2010.12.26"]
[EventType "swiss"]
[EventRounds "5"]
[EventCountry "CAN"]

1. d4 d5 2. c4 c6 3. Nf3 Nf6 4. Nc3 e6 5. Bg5 Nbd7 6. e3 Be7 7. Bd3 dxc4 8.
Bxc4 b5 9. Bd3 a6 10. O-O c5 11. e4 cxd4 12. Nxd4 Nc5 13. e5 Nxd3 14. Qxd3 b4
15. Ne4 Nxe4 16. Qxe4 Qd5 17. Qxd5 exd5 18. Bxe7 Kxe7 19. Rac1 Re8 20. f4 Kf8
21. Rc7 a5 22. Rfc1 g6 23. Nb5 Be6 24. Nd4 Bc8 25. Kf2 h5 26. R1c6 Be6 27. Ke3
a4 28. Rb6 b3 29. a3 Rec8 30. Rbb7 Rxc7 31. Rxc7 Ke8 32. Kd2 Rc8 1-0

[Event "Pere Noel"]
[Site "Montreal CAN"]
[Date "2010.12.28"]
[Round "3"]
[White "Gagnon, Serge"]
[Black "Vassileva, Svetla"]
[Result "1-0"]
[WhiteElo "2034"]
[BlackElo "1732"]
[PlyCount "63"]
[EventDate "2010.12.26"]
[EventType "swiss"]
[EventRounds "5"]
[EventCountry "CAN"]

1. d4 Nf6 2. c4 g6 3. Nc3 Bg7 4. e4 d6 5. Nf3 O-O 6. Be2 e5 7. O-O exd4 8. Nxd4
Nbd7 9. Bg5 h6 10. Be3 Nc5 11. f3 a5 12. Qd2 Kh7 13. Rad1 Bd7 14. Ndb5 Bxb5 15.
cxb5 b6 16. Bc4 Qe8 17. Rfe1 Nh5 18. Bd5 Rb8 19. Bc6 Qd8 20. Qf2 g5 21. Nd5 Na4
22. e5 Nc5 23. exd6 cxd6 24. Nxb6 Rxb6 25. Bxc5 dxc5 26. Rxd8 Rxd8 27. Qc2+ Kh8
28. g3 Bd4+ 29. Kg2 Nf6 30. b3 Nd5 31. Qf5 Nb4 32. Qxf7 1-0

[Event "Pere Noel"]
[Site "Montreal CAN"]
[Date "2010.12.28"]
[Round "3"]
[White "Galbadrakh, Enkh-Amar"]
[Black "Gueorguiev, Valentin"]
[Result "1-0"]
[WhiteElo "2197"]
[BlackElo "1856"]
[PlyCount "97"]
[EventDate "2010.12.26"]
[EventType "swiss"]
[EventRounds "5"]
[EventCountry "CAN"]

1. Nf3 g6 2. c4 c5 3. g3 Bg7 4. Bg2 Nc6 5. e4 Nf6 6. Nc3 O-O 7. d4 cxd4 8. Nxd4
Nxd4 9. Qxd4 d6 10. O-O Rb8 11. Rd1 b6 12. Qd3 Be6 13. b3 Nd7 14. Bb2 Ne5 15.
Qe2 Qc8 16. Nd5 Re8 17. Rab1 Bg4 18. f3 Be6 19. a4 Bd7 20. Bd4 Nc6 21. Bxg7
Kxg7 22. Qb2+ Kg8 23. Qd2 a5 24. Qe3 Qd8 25. f4 Be6 26. Nc3 Qc8 27. f5 Bd7 28.
f6 exf6 29. Rxd6 Be6 30. Qf2 Ne5 31. Rxb6 Ng4 32. Rxb8 Qxb8 33. Qc5 h5 34. Bh3
Rc8 35. Qxa5 h4 36. Bxg4 Bxg4 37. Kf2 hxg3+ 38. hxg3 Kg7 39. Nd5 Rxc4 40. bxc4
Qxb1 41. Qc3 Qa2+ 42. Ke3 Qe2+ 43. Kd4 Qf2+ 44. Qe3 Qb2+ 45. Kc5 Qb8 46. Qf4
Qc8+ 47. Kd4 Qe6 48. e5 Bf5 49. exf6+ 1-0

[Event "Pere Noel"]
[Site "Montreal CAN"]
[Date "2010.12.28"]
[Round "3"]
[White "Gerard, Patrice"]
[Black "Pilotte, Benoit"]
[Result "0-1"]
[WhiteElo "1876"]
[BlackElo "1744"]
[PlyCount "86"]
[EventDate "2010.12.26"]
[EventType "swiss"]
[EventRounds "5"]
[EventCountry "CAN"]

1. e4 g6 2. Nc3 Bg7 3. f4 c5 4. Nf3 Nc6 5. Bb5 e6 6. Bxc6 dxc6 7. e5 f5 8. d3
b6 9. Na4 Bd7 10. c4 Nh6 11. O-O Nf7 12. Be3 Qc7 13. Qc2 g5 14. Rfe1 h5 15. Nc3
h4 16. d4 g4 17. Nd2 cxd4 18. Bxd4 c5 19. Nb5 Qc6 20. Bc3 Kf8 21. h3 a6 22. Nd6
Nxd6 23. exd6 Rg8 24. hxg4 Bxc3 25. Qxc3 Rxg4 26. Qf6+ Kg8 27. Ne4 Rf8 28. Qh6
fxe4 29. Re3 Qxd6 30. Rae1 Qxf4 31. Qxf4 Rfxf4 32. Rd1 Rg7 33. Rd6 Rfg4 34. Kh1
b5 35. cxb5 axb5 36. a3 Kf8 37. Rd2 Ke7 38. b3 R7g5 39. Ra2 Rd5 40. a4 Rd3 41.
Ree2 Rxb3 42. a5 Bc6 43. a6 Rgg3 0-1

[Event "Pere Noel"]
[Site "Montreal CAN"]
[Date "2010.12.28"]
[Round "3"]
[White "Khassanov, Marat"]
[Black "Dumont, Felix"]
[Result "1-0"]
[WhiteElo "2282"]
[BlackElo "1998"]
[PlyCount "97"]
[EventDate "2010.12.26"]
[EventType "swiss"]
[EventRounds "5"]
[EventCountry "CAN"]

1. d4 Nf6 2. g3 g6 3. Bg2 Bg7 4. e4 d6 5. Ne2 O-O 6. O-O e5 7. h3 Re8 8. Nbc3
Nc6 9. Be3 exd4 10. Nxd4 Ne5 11. Qe2 c5 12. Nf3 Nxf3+ 13. Qxf3 Bd7 14. Rad1 Bc6
15. Qf4 Re5 16. Qxe5 dxe5 17. Rxd8+ Rxd8 18. Bxc5 Rd2 19. Rc1 Bh6 20. Bxa7 Rxf2
21. Kxf2 Bxc1 22. b3 Nd7 23. Nd5 Ba3 24. Be3 f5 25. c4 Kf7 26. Bd2 b5 27. Nb4
Bxb4 28. Bxb4 bxc4 29. bxc4 fxe4 30. Ke3 Nb6 31. Bxe4 Nxc4+ 32. Kf3 Bb5 33. a4
Ba6 34. Bd5+ Kf6 35. Ke4 Nb6 36. Bc6 Bf1 37. Kf3 Bxh3 38. a5 Nc8 39. Bc5 h5 40.
Ke3 g5 41. Bf3 h4 42. g4 Bf1 43. Bb7 h3 44. Kf2 Bd3 45. Bxc8 Be4 46. Kg3 Bg2
47. a6 e4 48. Be3 Bf3 49. Kxh3 1-0

[Event "Pere Noel"]
[Site "Montreal CAN"]
[Date "2010.12.28"]
[Round "3"]
[White "Leutschaft, Martin"]
[Black "Wu, Qiyou"]
[Result "1-0"]
[WhiteElo "2127"]
[BlackElo "1825"]
[PlyCount "97"]
[EventDate "2010.12.26"]
[EventType "swiss"]
[EventRounds "5"]
[EventCountry "CAN"]

1. e4 c5 2. Nf3 d6 3. Bb5+ Bd7 4. Bxd7+ Qxd7 5. O-O Nc6 6. d4 cxd4 7. Nxd4 Nf6
8. Nc3 g6 9. f3 Bg7 10. Be3 O-O 11. Nd5 Nxd5 12. exd5 Ne5 13. Qe2 a6 14. c4
Rfc8 15. Rfc1 Rab8 16. a4 Qc7 17. a5 Nd7 18. b4 b5 19. cxb5 Qb7 20. Nc6 Bxa1
21. bxa6 Qa8 22. Rxa1 Rxc6 23. dxc6 Qxc6 24. Rc1 Qa8 25. Rc7 Ne5 26. b5 Qd5 27.
a7 Rxb5 28. a8=Q+ Qxa8 29. Qxb5 Nxf3+ 30. gxf3 Qxf3 31. Rc8+ Kg7 32. Qg5 f6 33.
Qh6+ Kf7 34. Qf4 Qd1+ 35. Kf2 d5 36. Rc1 Qb3 37. Qd4 g5 38. Rc5 e6 39. Qc3 Qb8
40. Rc7+ Kg6 41. Qc2+ f5 42. Qc3 h6 43. Ba7 Qf8 44. Rg7+ Qxg7 45. Qxg7+ Kxg7
46. Bd4+ Kg6 47. a6 f4 48. a7 Kf5 49. a8=Q 1-0

[Event "Pere Noel"]
[Site "Montreal CAN"]
[Date "2010.12.28"]
[Round "3"]
[White "Luo, Zhao Yang"]
[Black "Giroux, Robert"]
[Result "0-1"]
[WhiteElo "1924"]
[BlackElo "1953"]
[PlyCount "90"]
[EventDate "2010.12.26"]
[EventType "swiss"]
[EventRounds "5"]
[EventCountry "CAN"]

1. d4 Nf6 2. c4 c5 3. d5 e5 4. Nc3 d6 5. e4 Be7 6. Nf3 Nbd7 7. Be2 O-O 8. O-O
Ne8 9. a3 a6 10. b4 g6 11. Bh6 Ng7 12. Qc2 b6 13. Rab1 f5 14. Nd2 Bg5 15. Bxg7
Kxg7 16. Bf3 Bxd2 17. Qxd2 Nf6 18. Rfe1 f4 19. g3 fxg3 20. hxg3 Ra7 21. Bg2
Raf7 22. Rf1 Nh5 23. bxc5 bxc5 24. Rb8 Nf6 25. Na4 Nd7 26. Rb3 h5 27. f4 h4 28.
f5 gxf5 29. exf5 Rxf5 30. Rxf5 Rxf5 31. gxh4 Qxh4 32. Rh3 Qd4+ 33. Qxd4 exd4
34. Rg3+ Kf8 35. Bh3 Rf7 36. Kh2 Rh7 37. Rf3+ Ke7 38. Kg2 Rg7+ 39. Kf2 Rf7 40.
Rxf7+ Kxf7 41. Kg3 Ke7 42. Kf4 a5 43. Bf5 Ba6 44. Ke4 Nf6+ 45. Kd3 Nxd5 0-1